La interdisciplina en las ciencias sociales

Saved in:
Bibliographic Details
Main Authors: Rosales Ortega, Rocío (Author), Gutiérrez Ramírez, Servando (Author), Torres Franco, José Luis (Author)
Format: Book
Language:Spanish
Published: Barcelona Anthropos 2006
Edition:1a. ed
Subjects:
Tags: Add Tag
No Tags, Be the first to tag this record!

MARC

LEADER 00000nam a2200000 a 4500
001 UCJ1501
003 CL-VaPUC
008 061020e20060000SP |||||||||||||||||spa|d
020 |a 8476587678 
082 0 4 |a 300.72  |b ROS  |2 21 
100 0 |a Rosales Ortega, Rocío  |e author  |9 502193 
700 0 |a Gutiérrez Ramírez, Servando  |e author  |9 502194 
700 0 |a Torres Franco, José Luis  |e author  |9 502195 
245 1 3 |a La interdisciplina en las ciencias sociales 
250 |a 1a. ed 
300 |a 159 p 
942 |c BK 
945 |d 20061020 00:00:00  |a jtorresc 
260 |a Barcelona  |b Anthropos  |c 2006 
500 |a www.anthropos-editorial.com 
650 0 |a Ciencias sociales   |9 256351 
650 0 |a Investigación social   |9 307814 
650 0 |a Conocimiento científico  |9 420542 
650 0 |a Métodos de investigación   |9 262618 
583 |a last modification  |c 20061020 00:00:00  |k Rodrigo Vera 
999 |c 318083  |d 318081 
952 |0 0  |1 0  |4 0  |6 300_720000000000000_ROS_2006  |7 0  |8 A  |9 395326  |a BIBGIM  |b BIBGIM  |d 2019-11-22  |i 428240K  |o 300.72 ROS 2006  |p 428240K  |r 2025-01-15  |w 2019-11-22  |y BK  |k SSL